000 00645nam a2200217 i 4500
001 45472
003 ES-MaACL
005 20230906161225.0
007 t|
008 030326s1980 sp ||||1| spa d
100 1 _aCohen, David.
_939488
245 1 4 _aLos psicólogos hablan de psicología /
_cDavid Cohen ; [traducción de Elena Ibañez y Angel Rodríguez].
260 _aMadrid :
_bCátedra,
_c[1980]
300 _a419 p. ;
_c21 cm.
490 1 _aTeorema
700 0 _aIbáñez, Elena.
_964903
700 1 _aRodríguez Luño, Ángel.
_998627
830 0 _aTeorema
_9181356
852 _aES-MaACL
_jL-585
_bR.101360
999 _c45472
_d45472